| 000 | 00523cam a22001574a 4500 | ||
|---|---|---|---|
| 020 | _a1585622176 (pbk. : alk. paper) | ||
| 020 | _a9781585622177 | ||
| 050 | 0 | 0 |
_aRJ 499 _b.E7 |
| 245 | 0 | 0 |
_aEssentials of child and adolescent psychiatry / _cedited by Mina K. Dulcan, Jerry M. Wiener. |
| 260 |
_aWashington, DC : _bAmerican Psychiatric Pub., _cc2006. |
||
| 300 | _a 805 p. ; | ||
| 700 | 1 | _aDulcan, Mina K. | |
| 700 | 1 | _aWiener, Jerry M., | |
| 856 | 4 | 1 | _uhttp://www.loc.gov/catdir/toc/ecip0518/2005026052.html |
| 942 |
_2lcc _cGEN |
||
| 999 |
_c4582 _d4582 |
||